[Event "Corbins Lleida Nadal op"]
[Site "Corbins"]
[Date "2023.12.27"]
[Round "1"]
[White "Melich Martinez, Josep"]
[Black "Pham Guerrero, Sergi"]
[Result "0-1"]
[WhiteElo "1567"]
[BlackElo "2089"]
[PlyCount "52"]
[EventDate "2023.12.27"]
[EventType "swiss"]
[EventRounds "8"]
[EventCountry "ESP"]
[SourceTitle "CB02_2024"]
[SourceDate "2024.01.10"]
[SourceVersion "1"]
[SourceVersionDate "2024.01.10"]
[SourceQuality "1"]

1. d4 Nf6 2. Bf4 g6 3. Nc3 d5 4. e3 Bg7 5. Nb5 Na6 6. Be2 0-0 7. h3 Ne4 8. Nf3 c6 9. Nc3 Qa5 10. 0-0 Nxc3 11. bxc3 Qxc3 12. Bxa6 bxa6 13. Rb1 c5 14. Rb3 Qa5 15. dxc5 Qxc5 16. Be5 Bxe5 17. Nxe5 Bf5 18. Nd3 Qc7 19. g4 Be4 20. Qb1 Rac8 21. Rb2 f5 22. Nf4 fxg4 23. Ne6 Qe5 24. Nxf8 Rxf8 25. Rb7 Qg5 26. h4 Qxh4 0-1

[Event "Vallfogona de Balaguer Farre Mem 2nd"]
[Site "Vallfogona de Balaguer"]
[Date "2023.04.15"]
[Round "1"]
[White "Melich Martinez, Josep"]
[Black "Monfa Sole, Ramon"]
[Result "0-1"]
[WhiteElo "1573"]
[BlackElo "2013"]
[PlyCount "70"]
[EventDate "2023.04.15"]
[EventType "swiss"]
[EventRounds "8"]
[EventCountry "ESP"]
[SourceTitle "EXT 2024"]
[Source "ChessBase"]
[SourceDate "2023.10.10"]
[SourceVersion "1"]
[SourceVersionDate "2023.10.10"]
[SourceQuality "1"]

1. d4 b5 2. Nf3 Bb7 3. Bf4 Nf6 4. e3 a6 5. Bd3 d6 6. h3 Nbd7 7. 0-0 g6 8. Nbd2 Bg7 9. e4 0-0 10. c3 c5 11. a4 b4 12. Be3 Ne8 13. Qb3 Rb8 14. cxb4 cxb4 15. Rfc1 Nc7 16. Rc2 Ne6 17. Rac1 Qe8 18. Nc4 Nxd4 19. Bxd4 Bxd4 20. Nxd6 exd6 21. Nxd4 Nc5 22. Rxc5 dxc5 23. Nc2 Qe5 24. f3 Rbd8 25. Bc4 Kg7 26. Ne1 Qd4+ 27. Kf1 Qd2 28. Rc2 Qd4 29. Nd3 f5 30. e5 Rfe8 31. Re2 Bd5 32. Bxd5 Qxd5 33. Qxd5 Rxd5 34. Re3 g5 35. e6 f4 0-1

[Event "Roncana op-A 10th"]
[Site "Santa Eulalia de Roncana"]
[Date "2016.10.15"]
[Round "4"]
[White "Villar Reymundo, Juan Antonio"]
[Black "Melich Martinez, Josep"]
[Result "1-0"]
[WhiteElo "2156"]
[BlackElo "1690"]
[PlyCount "53"]
[EventDate "2016.09.24"]
[EventType "swiss"]
[EventRounds "8"]
[EventCountry "ESP"]
[SourceTitle "EXT 2018"]
[Source "ChessBase"]
[SourceDate "2017.10.13"]
[SourceVersion "1"]
[SourceVersionDate "2017.10.13"]
[SourceQuality "1"]

1. d4 d5 2. c4 e6 3. Nc3 Nf6 4. cxd5 exd5 5. Bg5 Be7 6. e3 c6 7. Qc2 Nbd7 8. Bd3 h6 9. Bh4 0-0 10. Nge2 Re8 11. f3 Nf8 12. 0-0 Bd6 13. e4 g5 14. Bf2 dxe4 15. Nxe4 Nxe4 16. fxe4 Bg4 17. h3 Bh5 18. e5 Bc7 19. Ng3 Bg6 20. Bxg6 Nxg6 21. Nh5 Re6 22. Rad1 Bb6 23. d5 Bxf2+ 24. Qxf2 Re7 25. d6 Rd7 26. Qf6 Qf8 27. e6 1-0

[Event "Vall del Tenes op 5th"]
[Site "Vall del Tenes"]
[Date "2016.05.06"]
[Round "5"]
[White "Yanguas Martinez, Hermogenes"]
[Black "Melich Martinez, Josep"]
[Result "0-1"]
[WhiteElo "1490"]
[BlackElo "1707"]
[PlyCount "27"]
[EventDate "2016.04.08"]
[EventType "swiss"]
[EventRounds "8"]
[EventCountry "ESP"]
[SourceTitle "CBM 172 Extra"]
[Source "ChessBase"]
[SourceDate "2016.06.21"]
[SourceVersion "1"]
[SourceVersionDate "2016.06.21"]
[SourceQuality "1"]

1. c4 Nf6 2. Nc3 e6 3. Nf3 d6 4. g3 b6 5. Bg2 Bb7 6. 0-0 Be7 7. d3 0-0 8. Rb1 Nbd7 9. b4 c5 10. Qc2 Qe8 11. e4 Rd8 12. Bg5 h6 13. Bf4 g5 14. Be3 0-1

[Event "Vall del Tenes op 5th"]
[Site "Vall del Tenes"]
[Date "2016.04.29"]
[Round "4"]
[White "Melich Martinez, Josep"]
[Black "Barcons Gallach, Salvador"]
[Result "1-0"]
[WhiteElo "1707"]
[BlackElo "1715"]
[PlyCount "119"]
[EventDate "2016.04.08"]
[EventType "swiss"]
[EventRounds "8"]
[EventCountry "ESP"]
[SourceTitle "CBM 172 Extra"]
[Source "ChessBase"]
[SourceDate "2016.06.21"]
[SourceVersion "1"]
[SourceVersionDate "2016.06.21"]
[SourceQuality "1"]

1. d4 d5 2. c4 dxc4 3. Qa4+ c6 4. Qxc4 Bf5 5. Nc3 e6 6. e4 Bg6 7. Nf3 Nf6 8. Qb3 Qb6 9. Qxb6 axb6 10. e5 Nd5 11. Nxd5 exd5 12. Bd2 b5 13. Nh4 b4 14. Nxg6 hxg6 15. h3 b3 16. a3 Na6 17. 0-0-0 b5 18. Bc3 b4 19. axb4 Bxb4 20. Bxa6 Bxc3 21. bxc3 Rxa6 22. Kb2 Rb6 23. Ra1 0-0 24. Ra3 Rfb8 25. Rha1 Kh7 26. Ra7 R8b7 27. Rxb7 Rxb7 28. Ra3 f6 29. exf6 gxf6 30. Rxb3 Re7 31. Ka3 Re2 32. Rb2 Re6 33. Kb4 g5 34. Kc5 Kg6 35. g4 f5 36. Rb6 fxg4 37. hxg4 Re2 38. Rxc6+ Kg7 39. Kxd5 Rxf2 40. Ke5 Rf4 41. d5 Rxg4 42. Kf5 Rg3 43. Re6 Rxc3 44. Kxg5 Kf7 45. Kf5 Rc5 46. Ke5 Ra5 47. Kd6 Ra6+ 48. Kd7 Ra7+ 49. Kd8 Ra8+ 50. Kc7 Ra5 51. Re5 Kf6 52. Rh5 Kg6 53. Kb6 Ra8 54. Re5 Kf6 55. Re1 Rb8+ 56. Kc7 Ra8 57. d6 Kf7 58. d7 Ra7+ 59. Kc8 Ra8+ 60. Kb7 1-0

[Event "Vall del Tenes op 5th"]
[Site "Vall del Tenes"]
[Date "2016.04.15"]
[Round "2"]
[White "Costa Trave, Jaume"]
[Black "Melich Martinez, Josep"]
[Result "1-0"]
[WhiteElo "1896"]
[BlackElo "1707"]
[PlyCount "50"]
[EventDate "2016.04.08"]
[EventType "swiss"]
[EventRounds "8"]
[EventCountry "ESP"]
[SourceTitle "CBM 172 Extra"]
[Source "ChessBase"]
[SourceDate "2016.06.21"]
[SourceVersion "1"]
[SourceVersionDate "2016.06.21"]
[SourceQuality "1"]

1. f4 d5 2. Nf3 g6 3. e3 Bg7 4. d4 Nf6 5. Bd3 c5 6. c3 b6 7. Ne5 0-0 8. 0-0 Bb7 9. Nd2 Nbd7 10. Ndf3 Ne4 11. Qe1 Re8 12. Qh4 f6 13. Ng4 c4 14. Bc2 e6 15. Qh3 Rc8 16. Nf2 Rc7 17. Nxe4 dxe4 18. Nd2 f5 19. Bd1 Nf6 20. a4 Nd5 21. Bc2 Qc8 22. g4 Rf7 23. Rf2 a6 24. Nf1 b5 25. Bd2 b4 1-0

[Event "Vall del Tenes op 5th"]
[Site "Vall del Tenes"]
[Date "2016.04.08"]
[Round "1"]
[White "Puig Estival, Joan"]
[Black "Melich Martinez, Josep"]
[Result "0-1"]
[WhiteElo "1662"]
[BlackElo "1707"]
[PlyCount "60"]
[EventDate "2016.04.08"]
[EventType "swiss"]
[EventRounds "8"]
[EventCountry "ESP"]
[SourceTitle "CBM 172 Extra"]
[Source "ChessBase"]
[SourceDate "2016.06.21"]
[SourceVersion "1"]
[SourceVersionDate "2016.06.21"]
[SourceQuality "1"]

1. e4 c6 2. Nf3 d5 3. e5 Bg4 4. Be2 e6 5. h3 Bh5 6. d4 c5 7. Bg5 Qb6 8. c3 Qxb2 9. Nbd2 Bxf3 10. Nxf3 Qxc3+ 11. Bd2 Qa3 12. 0-0 Nc6 13. Bb5 a6 14. Bxc6+ bxc6 15. Qb1 Qa4 16. Bc3 Qb5 17. dxc5 Bxc5 18. Nd4 Bxd4 19. Bxd4 Nh6 20. Qxb5 cxb5 21. Bc5 Kd7 22. Rac1 Rac8 23. g4 f6 24. f4 Rc6 25. g5 fxg5 26. fxg5 Nf5 27. h4 Rhc8 28. Rf2 Rxc5 29. Rxc5 Rxc5 30. Rf1 Rc2 0-1

[Event "Vall del Tenes op 3rd"]
[Site "Santa Eulalia de Roncana"]
[Date "2014.06.06"]
[Round "7"]
[White "Castells Garriga, Pere"]
[Black "Melich Martinez, Josep"]
[Result "1/2-1/2"]
[WhiteElo "1775"]
[BlackElo "1905"]
[PlyCount "59"]
[EventDate "2014.04.25"]
[EventType "swiss"]
[EventRounds "8"]
[EventCountry "ESP"]
[SourceTitle "CBM 160 Extra"]
[Source "ChessBase"]
[SourceDate "2014.07.01"]
[SourceVersion "1"]
[SourceVersionDate "2014.07.01"]
[SourceQuality "1"]

1. d4 d5 2. Nf3 Nf6 3. c4 e6 4. Nc3 Be7 5. e3 0-0 6. Bd3 c5 7. 0-0 Nc6 8. cxd5 exd5 9. b3 Bg4 10. Be2 Rc8 11. Bb2 cxd4 12. exd4 Bb4 13. Rc1 Re8 14. a3 Ba5 15. b4 Bb6 16. Re1 Bxf3 17. Bxf3 Rxe1+ 18. Qxe1 Bxd4 19. Qd2 Bxc3 20. Rxc3 Ne4 21. Bxe4 dxe4 22. Qc2 Ne7 23. Rxc8 Nxc8 24. h3 Nd6 25. Qc3 f6 26. Qd4 a6 27. Qd5+ Kf8 28. Bd4 b6 29. Qc6 Nc8 30. Qxe4 1/2-1/2

[Event "Vall del Tenes op 3rd"]
[Site "Santa Eulalia de Roncana"]
[Date "2014.05.30"]
[Round "6"]
[White "Melich Martinez, Josep"]
[Black "Centelles Vivas, Aleix"]
[Result "0-1"]
[WhiteElo "1905"]
[BlackElo "2011"]
[PlyCount "110"]
[EventDate "2014.04.25"]
[EventType "swiss"]
[EventRounds "8"]
[EventCountry "ESP"]
[SourceTitle "CBM 160 Extra"]
[Source "ChessBase"]
[SourceDate "2014.07.01"]
[SourceVersion "1"]
[SourceVersionDate "2014.07.01"]
[SourceQuality "1"]

1. d4 d5 2. Nf3 Nf6 3. c4 e6 4. Nc3 c6 5. Bg5 Nbd7 6. e3 Be7 7. Rc1 0-0 8. Bd3 dxc4 9. Bxc4 b5 10. Bd3 a6 11. 0-0 Bb7 12. Bb1 Rc8 13. Ne4 Nxe4 14. Bxe7 Qxe7 15. Bxe4 Nf6 16. Bb1 c5 17. Ne5 Rfd8 18. Qe2 cxd4 19. Rxc8 Rxc8 20. exd4 Nd5 21. Qd3 f5 22. a3 Nf4 23. Qe3 Nxg2 24. Qg3 Nh4 25. f4 Qd8 26. Rd1 Qd5 27. Kf2 Qg2+ 28. Qxg2 Nxg2 29. Kg3 Bd5 30. Bd3 Ne3 31. Rd2 Rc1 32. Kf2 Nc4 33. Bxc4 Bxc4 34. Nxc4 Rxc4 35. Ke3 Kf7 36. Kd3 h6 37. b3 Rc1 38. Ra2 Rf1 39. Ke3 Rb1 40. b4 g5 41. fxg5 hxg5 42. d5 exd5 43. Kd4 Ke6 44. Kc5 d4 45. Re2+ Kf6 46. Kxd4 Rc1 47. Kd5 Rd1+ 48. Kc6 f4 49. Kb7 Rd6 50. Re8 Kf5 51. h3 Rf6 52. Rc8 f3 53. Rc5+ Kf4 54. h4 gxh4 55. Rh5 Kg3 0-1

[Event "Vall del Tenes op 3rd"]
[Site "Santa Eulalia de Roncana"]
[Date "2014.05.16"]
[Round "4"]
[White "Melich Martinez, Josep"]
[Black "Garcia Torres, Adolfo"]
[Result "1-0"]
[WhiteElo "1905"]
[BlackElo "1732"]
[PlyCount "151"]
[EventDate "2014.04.25"]
[EventType "swiss"]
[EventRounds "8"]
[EventCountry "ESP"]
[SourceTitle "CBM 160 Extra"]
[Source "ChessBase"]
[SourceDate "2014.07.01"]
[SourceVersion "1"]
[SourceVersionDate "2014.07.01"]
[SourceQuality "1"]

1. d4 Nf6 2. Nf3 d5 3. c4 c6 4. Nc3 e6 5. Bg5 h6 6. Bxf6 Qxf6 7. e3 Bb4 8. Rc1 dxc4 9. Bxc4 b5 10. Bd3 Bb7 11. 0-0 Bxc3 12. Rxc3 0-0 13. Ne5 Rd8 14. Qc1 Rd6 15. Be4 b4 16. Rc2 Ba6 17. Rd1 Bb5 18. Bxc6 Nxc6 19. Nxc6 a5 20. Ne5 Ba6 21. Rc7 Be2 22. Re1 Bh5 23. Qc5 Rd5 24. Qc6 Qd8 25. Rc1 f6 26. Qxa8 Qxa8 27. Rc8+ Qxc8 28. Rxc8+ Kh7 29. Nf3 e5 30. Rc5 Bf7 31. Rxd5 Bxd5 32. a3 e4 33. Nd2 f5 34. Kf1 g5 35. g3 Kg6 36. Ke2 g4 37. axb4 axb4 38. b3 Kg5 39. Nc4 h5 40. Kd2 h4 41. Kc2 h3 42. Nb6 Bf7 43. Nd7 Bd5 44. Nb8 Bb7 45. Nd7 Bd5 46. Nb6 Bf7 47. Nc4 Kf6 48. Na5 Bd5 49. Nc4 Ke6 50. Kb2 Kf6 51. Nd2 Ke6 52. Nf1 Kd6 53. Nd2 Ke6 54. Nc4 Kf6 55. Kc2 Ke6 56. Nb6 Kd6 57. Kb2 Ke6 58. Na4 Kd6 59. Kc2 Ke6 60. Nc5+ Kd6 61. Na6 Bc6 62. Nxb4 Bb5 63. Kc3 Bf1 64. Nc2 Kd5 65. Kb4 Bd3 66. Na3 Kc6 67. Nc4 Kd5 68. Ne5 Bc2 69. Kc3 Bd1 70. b4 Be2 71. Kb3 Bd1+ 72. Ka3 Kd6 73. b5 Kc7 74. Kb4 Be2 75. Nc4 Kb7 76. Nd6+ 1-0

[Event "Vall del Tenes op 3rd"]
[Site "Santa Eulalia de Roncana"]
[Date "2014.05.02"]
[Round "2"]
[White "Melich Martinez, Josep"]
[Black "Costa Trave, Jaume"]
[Result "0-1"]
[WhiteElo "1905"]
[BlackElo "2066"]
[PlyCount "60"]
[EventDate "2014.04.25"]
[EventType "swiss"]
[EventRounds "8"]
[EventCountry "ESP"]
[SourceTitle "CBM 160 Extra"]
[Source "ChessBase"]
[SourceDate "2014.07.01"]
[SourceVersion "1"]
[SourceVersionDate "2014.07.01"]
[SourceQuality "1"]

1. d4 d5 2. c4 c6 3. Nf3 dxc4 4. e3 b5 5. Nc3 e6 6. Ne5 Nf6 7. Qf3 Qb6 8. a4 Bb7 9. axb5 cxb5 10. Qg3 Nc6 11. f4 Nxe5 12. fxe5 Ne4 13. Nxe4 Bxe4 14. Bd2 a5 15. Be2 Bg6 16. 0-0 Be7 17. Qf3 0-0 18. Ra2 a4 19. Rc1 a3 20. bxa3 Rxa3 21. Rca1 Rxa2 22. Rxa2 h6 23. Rb2 Qa6 24. Qf1 Rc8 25. Bc3 Qa3 26. Qe1 b4 27. Rxb4 Bxb4 28. Bxb4 Qxe3+ 29. Qf2 Qxf2+ 30. Kxf2 c3 0-1

[Event "Roncana op-A 7th"]
[Site "Santa Eulalia de Roncana"]
[Date "2013.10.26"]
[Round "4"]
[White "Barea Serra, Josep"]
[Black "Melich Martinez, Josep"]
[Result "0-1"]
[WhiteElo "1860"]
[BlackElo "1701"]
[PlyCount "64"]
[EventDate "2013.10.05"]
[EventType "swiss"]
[EventRounds "8"]
[EventCountry "ESP"]
[SourceTitle "CBM 157 Extra"]
[Source "ChessBase"]
[SourceDate "2013.12.19"]
[SourceVersion "1"]
[SourceVersionDate "2013.12.19"]
[SourceQuality "1"]

1. e4 c5 2. Nf3 d6 3. d4 cxd4 4. Nxd4 Nf6 5. Nc3 Nc6 6. Be2 g6 7. Be3 Bg7 8. h3 Bd7 9. Qd2 0-0 10. 0-0-0 a6 11. f3 Rc8 12. Nxc6 Rxc6 13. Bh6 Qc8 14. Bxg7 Kxg7 15. Kb1 Qc7 16. g4 Rc5 17. Qd4 Kg8 18. Rc1 Rc8 19. Bd3 e5 20. Qe3 Rxc3 21. bxc3 Qxc3 22. Qe1 Qa3 23. Qd2 Rc3 24. Bc4 Rxc4 25. Ka1 Rd4 26. Qe1 Be6 27. c4 Bxc4 28. Rh2 Be6 29. Rc3 Qa4 30. Rhc2 b5 31. Qc1 b4 32. Qh6 bxc3 0-1

[Event "Llinars del Valles op-A 7th"]
[Site "Llinars del Valles"]
[Date "2013.05.18"]
[Round "5"]
[White "Melich Martinez, Josep"]
[Black "Ramirez Garcia, Lluis"]
[Result "0-1"]
[WhiteElo "1746"]
[BlackElo "1810"]
[PlyCount "126"]
[EventDate "2013.04.13"]
[EventType "swiss"]
[EventRounds "7"]
[EventCountry "ESP"]
[SourceTitle "EXT 2014"]
[Source "ChessBase"]
[SourceDate "2013.11.20"]
[SourceVersion "1"]
[SourceVersionDate "2013.11.20"]
[SourceQuality "1"]

1. d4 Nf6 2. Nf3 d5 3. c4 e6 4. Nc3 c5 5. cxd5 exd5 6. g3 cxd4 7. Nxd4 Nc6 8. Bg2 Bb4 9. 0-0 0-0 10. Bg5 h6 11. Be3 a6 12. Qb3 Bxc3 13. Nxc6 bxc6 14. Qxc3 Bd7 15. Bd4 Rc8 16. Bxf6 Qxf6 17. Qxf6 gxf6 18. Rac1 f5 19. Rfd1 Rfe8 20. e3 Kg7 21. Bf1 a5 22. Rc5 Ra8 23. b3 Reb8 24. Rd4 Rb4 25. Bd3 Rxd4 26. exd4 a4 27. b4 a3 28. Rc3 Ra4 29. Rb3 Kf6 30. Kg2 Kg5 31. h4+ Kf6 32. Kf3 Be6 33. Ke3 Ke7 34. b5 cxb5 35. Rxb5 Ra7 36. Bc2 Ra8 37. Bb3 Kd6 38. Kf4 Ra6 39. Rc5 Ra7 40. f3 Ra6 41. Rc3 Bd7 42. Bc2 Bb5 43. Kxf5 Ke7 44. Ke5 Bc4 45. Bb3 Re6+ 46. Kf4 Re2 47. Bxc4 dxc4 48. Rxa3 Kd6 49. Rc3 Kd5 50. a4 Kxd4 51. Ra3 c3 52. Ra1 c2 53. a5 Re6 54. h5 Kc3 55. g4 Kb2 56. Rg1 c1Q+ 57. Rxc1 Kxc1 58. Kf5 Kd2 59. f4 Ke3 60. g5 Ra6 61. g6 Rxa5+ 62. Kf6 fxg6 63. Kxg6 Kxf4 0-1

[Event "Llinars del Valles op-A 7th"]
[Site "Llinars del Valles"]
[Date "2013.04.20"]
[Round "2"]
[White "Melich Martinez, Josep"]
[Black "Ros Bosch, Carles"]
[Result "0-1"]
[WhiteElo "1746"]
[BlackElo "1874"]
[PlyCount "138"]
[EventDate "2013.04.13"]
[EventType "swiss"]
[EventRounds "7"]
[EventCountry "ESP"]
[SourceTitle "EXT 2014"]
[Source "ChessBase"]
[SourceDate "2013.11.20"]
[SourceVersion "1"]
[SourceVersionDate "2013.11.20"]
[SourceQuality "1"]

1. d4 d5 2. c4 e5 3. dxe5 d4 4. Nf3 Nc6 5. g3 Bg4 6. Bg2 Qd7 7. Nbd2 0-0-0 8. 0-0 Nge7 9. Qb3 Ng6 10. Ne4 Qf5 11. Neg5 h6 12. h3 hxg5 13. hxg4 Qxg4 14. Bxg5 Rd7 15. Rfd1 Bc5 16. Qb5 Bb6 17. c5 a6 18. Qc4 Ngxe5 19. Qc1 Ba7 20. Bf4 f6 21. a3 d3 22. Bxe5 fxe5 23. exd3 Rhd8 24. Qg5 Qxg5 25. Nxg5 Rxd3 26. Rxd3 Rxd3 27. Bxc6 bxc6 28. b4 Kb7 29. Ne4 Rd4 30. f3 a5 31. bxa5 Ka6 32. Kf1 Rc4 33. Ke2 Bxc5 34. Nxc5+ Rxc5 35. Kd3 Kxa5 36. Rb1 Rb5 37. Rc1 Rb3+ 38. Ke4 Kb6 39. Ra1 c5 40. f4 exf4 41. gxf4 c6 42. f5 Ka5 43. Rg1 Rb7 44. Rc1 Re7+ 45. Kf4 Kb5 46. Rb1+ Ka4 47. Rc1 Kxa3 48. Rxc5 Rc7 49. Ke5 Kb4 50. Kd6 Rf7 51. Re5 Rf6+ 52. Re6 Rxf5 53. Kxc6 g5 54. Rg6 Kc4 55. Kd6 Kd4 56. Ke6 Ke4 57. Rg8 Kf4 58. Rb8 Kg4 59. Rb1 Rf3 60. Rg1+ Kf4 61. Kf6 g4 62. Kg6 g3 63. Kh5 Ke3 64. Kh4 Kf2 65. Rb1 g2 66. Rb2+ Kg1 67. Kg4 Rf2 68. Rb3 Rf7 69. Kg3 Kh1 0-1

[Event "Llinars del Valles op-A 7th"]
[Site "Llinars del Valles"]
[Date "2013.04.13"]
[Round "1"]
[White "Salagran Ferragut, Guillem"]
[Black "Melich Martinez, Josep"]
[Result "1-0"]
[WhiteElo "1991"]
[BlackElo "1746"]
[PlyCount "91"]
[EventDate "2013.04.13"]
[EventType "swiss"]
[EventRounds "7"]
[EventCountry "ESP"]
[SourceTitle "EXT 2014"]
[Source "ChessBase"]
[SourceDate "2013.11.20"]
[SourceVersion "1"]
[SourceVersionDate "2013.11.20"]
[SourceQuality "1"]

1. e4 c6 2. Nc3 d5 3. Nf3 Bg4 4. h3 Bh5 5. g4 Bg6 6. exd5 cxd5 7. Bb5+ Nc6 8. Ne5 Qd6 9. d4 0-0-0 10. Bxc6 bxc6 11. Qe2 Kb7 12. a3 f6 13. Nxg6 hxg6 14. Na4 e5 15. Nc5+ Ka8 16. Be3 Re8 17. Qa6 Qc7 18. 0-0-0 Bxc5 19. dxc5 d4 20. Bd2 Ne7 21. Qc4 Nd5 22. h4 Qd7 23. Rdg1 f5 24. gxf5 gxf5 25. Rg6 Re6 26. Rg5 Qf7 27. Rhg1 g6 28. Rh1 Qe8 29. h5 Rxh5 30. Rhxh5 gxh5 31. Rxf5 Nf6 32. Bg5 Ne4 33. Bh4 Qg6 34. Rf8+ Re8 35. Rxe8+ Qxe8 36. b4 Qg6 37. Kb2 Qg4 38. Be7 Qg6 39. Qa6 Qe6 40. Bd6 Nxd6 41. Qxc6+ Kb8 42. cxd6 Qc8 43. Qb5+ Ka8 44. Qd5+ Kb8 45. Qxe5 Qc3+ 46. Kb1 1-0

[Event "Roncana op 6th"]
[Site "Santa Eulalia de Roncana"]
[Date "2012.11.17"]
[Round "6"]
[White "Melich Martinez, Josep"]
[Black "Cornejo Vera, Danilo"]
[Result "1-0"]
[WhiteElo "1721"]
[BlackElo "1683"]
[PlyCount "197"]
[EventDate "2012.10.06"]
[EventType "swiss"]
[EventRounds "8"]
[EventCountry "ESP"]
[SourceTitle "EXT 2014"]
[Source "ChessBase"]
[SourceDate "2013.11.20"]
[SourceVersion "1"]
[SourceVersionDate "2013.11.20"]
[SourceQuality "1"]

1. d4 d5 2. c4 c6 3. Nf3 Nf6 4. Nc3 dxc4 5. e3 b5 6. a4 b4 7. Na2 b3 8. Nc3 Ba6 9. Ne5 Nd5 10. Bxc4 Bxc4 11. Nxc4 Nb4 12. Qxb3 Nd3+ 13. Ke2 Nxc1+ 14. Raxc1 Nd7 15. Rhd1 Rb8 16. Qc2 e6 17. Ne4 Qc7 18. g3 Be7 19. Kf1 0-0 20. Kg2 a5 21. Rd3 c5 22. Kg1 Qc6 23. Ncd2 Rb4 24. Nxc5 Rc8 25. Rc3 Nxc5 26. dxc5 Bf6 27. Rb3 Qxa4 28. Rxb4 Qxb4 29. b3 Rc6 30. Ne4 Be7 31. Qc4 f5 32. Qxb4 axb4 33. Nd2 Kf7 34. Nf3 Kf6 35. Kf1 e5 36. Ke2 e4 37. Nd4 Rxc5 38. Rc4 Ra5 39. Nc6 Ra2+ 40. Kf1 Bf8 41. Nxb4 Rb2 42. Nd5+ Ke5 43. Rc8 Ba3 44. Nf4 Rxb3 45. Re8+ Kf6 46. Nd5+ Kg5 47. Kg2 Rd3 48. Nf4 Rd2 49. Rg8 Bb2 50. Ne6+ Kf6 51. Nf4 Ba3 52. Rc8 Bd6 53. h4 Bb4 54. Rc6+ Bd6 55. Rc8 Ra2 56. Rc6 Ke7 57. Nh5 Kd7 58. Rc1 Bf8 59. Rc4 h6 60. Nf4 Be7 61. Rd4+ Kc6 62. Rc4+ Kb6 63. Nd5+ Kb5 64. Rxe4 Bf6 65. Re6 Ba1 66. Ne7 f4 67. Nf5 fxe3 68. Rxe3 Bf6 69. Re6 Kc5 70. h5 Kd5 71. Rb6 Ke4 72. g4 Kf4 73. Rb4+ Kg5 74. Re4 Bc3 75. Kg3 Kf6 76. Re3 Be5+ 77. f4 Bb8 78. Rc3 Ra1 79. Rc6+ Kf7 80. Nd6+ Ke7 81. Nf5+ Kf7 82. Rg6 Ra3+ 83. Kf2 Bxf4 84. Rxg7+ Kf8 85. Rg6 Ra4 86. Kf3 Bc1 87. Nxh6 Rf4+ 88. Kg3 Rf1 89. Nf5 Kf7 90. Nh4 Bd2 91. Nf3 Bc1 92. Rc6 Kg7 93. g5 Kh7 94. Rc7+ Kh8 95. h6 Ba3 96. Rd7 Bb2 97. g6 Bf6 98. Kg2 Rxf3 99. Kxf3 1-0

[Event "Roncana op 6th"]
[Site "Santa Eulalia de Roncana"]
[Date "2012.10.27"]
[Round "3"]
[White "Melich Martinez, Josep"]
[Black "Cruz Estrada, Filemon"]
[Result "0-1"]
[WhiteElo "1721"]
[BlackElo "2425"]
[PlyCount "86"]
[EventDate "2012.10.06"]
[EventType "swiss"]
[EventRounds "8"]
[EventCountry "ESP"]
[SourceTitle "EXT 2014"]
[Source "ChessBase"]
[SourceDate "2013.11.20"]
[SourceVersion "1"]
[SourceVersionDate "2013.11.20"]
[SourceQuality "1"]

1. d4 d5 2. Nf3 c6 3. c4 Nf6 4. Nc3 g6 5. cxd5 cxd5 6. g3 Bg7 7. Bg2 0-0 8. 0-0 Nc6 9. h3 Ne4 10. e3 Bf5 11. Nxe4 Bxe4 12. Nd2 Bxg2 13. Kxg2 Rc8 14. a3 Na5 15. b3 Rc3 16. Bb2 Rd3 17. Qc2 Rxd2 18. Qxd2 Nxb3 19. Qc3 Nxa1 20. Rxa1 Qd7 21. Rc1 Rd8 22. Qc7 e6 23. Qxd7 Rxd7 24. Rc8+ Bf8 25. Bc3 Kg7 26. Bb4 Bxb4 27. axb4 Rd6 28. b5 Rb6 29. Ra8 Rxb5 30. Rxa7 Rb2 31. g4 g5 32. Ra8 Rc2 33. Rb8 Rc7 34. Kg3 Kf6 35. Kf3 Ke7 36. Kg3 Kd6 37. f4 gxf4+ 38. Kxf4 Kc6 39. Ke5 b5 40. Kf6 Rb7 41. Rc8+ Kb6 42. Rh8 b4 43. Rxh7 b3 0-1

[Event "Roncana op 6th"]
[Site "Santa Eulalia de Roncana"]
[Date "2012.10.06"]
[Round "1"]
[White "Melich Martinez, Josep"]
[Black "Ortega Serra, Marc"]
[Result "0-1"]
[WhiteElo "1721"]
[BlackElo "2178"]
[PlyCount "69"]
[EventDate "2012.10.06"]
[EventType "swiss"]
[EventRounds "8"]
[EventCountry "ESP"]
[SourceTitle "EXT 2014"]
[Source "ChessBase"]
[SourceDate "2013.11.20"]
[SourceVersion "1"]
[SourceVersionDate "2013.11.20"]
[SourceQuality "1"]

1. d4 Nf6 2. Nf3 e6 3. c4 Bb4+ 4. Nbd2 b6 5. a3 Bxd2+ 6. Bxd2 Bb7 7. g3 d6 8. Bg2 Nbd7 9. 0-0 0-0 10. Rc1 a5 11. Bg5 a4 12. Re1 Ra5 13. e4 h6 14. Bxf6 Qxf6 15. Qd2 Rd8 16. Qc3 e5 17. Red1 g6 18. dxe5 dxe5 19. Bh3 Bc6 20. Rd2 Nc5 21. Qxe5 Qxe5 22. Rxd8+ Qe8 23. Rxe8+ Bxe8 24. Nd4 Ra8 25. e5 Rd8 26. Nf3 Bc6 27. Bg2 Rd3 28. Rc3 Rxc3 29. bxc3 Nd3 30. Nd2 Bxg2 31. Kxg2 Nxe5 32. h4 Kf8 33. Kf1 Ke7 34. Ke2 Kd6 35. Nb1 0-1

[Event "Llinars del Valles op-A 6th"]
[Site "Llinars del Valles"]
[Date "2012.05.26"]
[Round "7"]
[White "Melich Martinez, Josep"]
[Black "Castrillon Otero, Javier"]
[Result "1/2-1/2"]
[WhiteElo "1752"]
[BlackElo "1919"]
[PlyCount "78"]
[EventDate "2012.04.14"]
[EventType "swiss"]
[EventRounds "9"]
[EventCountry "ESP"]
[SourceTitle "EXT 2013"]
[Source "ChessBase"]
[SourceDate "2012.11.22"]
[SourceVersion "1"]
[SourceVersionDate "2012.11.22"]
[SourceQuality "1"]

1. d4 d5 2. c4 c6 3. Nc3 Nf6 4. Nf3 dxc4 5. a4 c5 6. e3 e6 7. Bxc4 Nc6 8. 0-0 cxd4 9. exd4 Nb4 10. Bg5 Be7 11. Qb3 0-0 12. Bxf6 gxf6 13. Rfd1 Kh8 14. Rd2 Qc7 15. Rad1 Nc6 16. Be2 Bb4 17. d5 exd5 18. Nxd5 Be6 19. Qxb4 Bxd5 20. Qc5 Be6 21. Nd4 Rad8 22. Bf3 Qb8 23. Nxc6 bxc6 24. Qc3 Kg7 25. Bxc6 Rc8 26. Qf3 Bb3 27. Ra1 Qb4 28. Rd3 Bc2 29. Rda3 Qxb2 30. Qc3 Qxc3 31. Rxc3 Be4 32. Rac1 Rfd8 33. f3 Bxc6 34. Rxc6 Rb8 35. Rc7 Rd2 36. R7c2 Rd4 37. Ra1 a5 38. Kf2 Rbb4 39. Rca2 f5 1/2-1/2

[Event "Llinars del Valles op-A 6th"]
[Site "Llinars del Valles"]
[Date "2012.04.28"]
[Round "3"]
[White "Melich Martinez, Josep"]
[Black "Ventura Bolet, Alexandre"]
[Result "0-1"]
[WhiteElo "1752"]
[BlackElo "1907"]
[PlyCount "62"]
[EventDate "2012.04.14"]
[EventType "swiss"]
[EventRounds "9"]
[EventCountry "ESP"]
[SourceTitle "EXT 2013"]
[Source "ChessBase"]
[SourceDate "2012.11.22"]
[SourceVersion "1"]
[SourceVersionDate "2012.11.22"]
[SourceQuality "1"]

1. d4 e6 2. c4 b6 3. Nf3 Bb7 4. a3 f5 5. Nc3 Nf6 6. d5 Na6 7. b4 g6 8. Bb2 Bg7 9. dxe6 dxe6 10. Qxd8+ Rxd8 11. Rd1 Ke7 12. e3 c5 13. b5 Nc7 14. Be2 Rxd1+ 15. Nxd1 Nce8 16. 0-0 Nd6 17. Ne5 Rd8 18. f3 Bh6 19. Kf2 Nd7 20. Nxd7 Rxd7 21. Bc3 Rd8 22. Nb2 f4 23. e4 Bxe4 24. Rd1 Bb7 25. Be5 Bg5 26. Nd3 Nxc4 27. Bxf4 Bxf4 28. Nxf4 Rxd1 29. Bxd1 Nxa3 30. Be2 c4 31. Ke1 Bd5 0-1